|
|
|
|
| LEADER |
00000cam a22000004a 4500 |
| 001 |
musev2_76306 |
| 003 |
MdBmJHUP |
| 005 |
20230905051858.0 |
| 006 |
m o d |
| 007 |
cr||||||||nn|n |
| 008 |
970425s1993 nyu o 00 0 eng d |
| 020 |
|
|
|a 9780814784969
|
| 020 |
|
|
|z 9780814792612
|
| 035 |
|
|
|a (OCoLC)907045337
|
| 040 |
|
|
|a MdBmJHUP
|c MdBmJHUP
|
| 245 |
0 |
4 |
|a The Modern Jewish Experience :
|b A Reader's Guide /
|c ed. by Jack Wertheimer.
|
| 264 |
|
1 |
|a London :
|b New York University Press,
|c op. 1993.
|
| 264 |
|
3 |
|a Baltimore, Md. :
|b Project MUSE,
|c 2021
|
| 264 |
|
4 |
|c ©op. 1993.
|
| 300 |
|
|
|a 1 online resource.
|
| 336 |
|
|
|a text
|b txt
|2 rdacontent
|
| 337 |
|
|
|a computer
|b c
|2 rdamedia
|
| 338 |
|
|
|a online resource
|b cr
|2 rdacarrier
|
| 500 |
|
|
|a Includes index.
|
| 588 |
|
|
|a Description based on print version record.
|
| 650 |
|
7 |
|a Juifs
|y 1945- ...
|x Étude et enseignement (superieur)
|2 ram
|0 (FrPBN)11947631
|0 (FrPBN)11975800
|
| 650 |
|
7 |
|a Juifs
|x Civilisation
|x Étude et enseignement (superieur)
|2 ram
|0 (FrPBN)11935896
|0 (FrPBN)11975800
|
| 650 |
|
7 |
|a Juifs
|y 1789-1945
|x Étude et enseignement (superieur)
|2 ram
|0 (FrPBN)11945499
|0 (FrPBN)11975800
|
| 655 |
|
7 |
|a Electronic books.
|2 local
|
| 700 |
1 |
|
|a Wertheimer, Jack,
|d 1948- ...
|4 edt
|0 (FrPBN)12100185
|
| 710 |
2 |
|
|a Project Muse.
|e distributor
|
| 830 |
|
0 |
|a Book collections on Project MUSE.
|
| 856 |
4 |
0 |
|z Texto completo
|u https://projectmuse.uam.elogim.com/book/76306/
|
| 945 |
|
|
|a Project MUSE - Custom Collection
|
| 945 |
|
|
|a Project MUSE - Archive Complete Supplement IX
|
| 945 |
|
|
|a Project MUSE - Archive Philosophy and Religion Supplement IX
|
| 945 |
|
|
|a Project MUSE - Archive Jewish Studies Supplement VIII
|